| 000 | 00736nam a2200217 a 4500 | ||
|---|---|---|---|
| 001 | 000024808 | ||
| 005 | 20240527201743.0 | ||
| 008 | 110204nuuuuuuuuve r 000 0 spa d | ||
| 040 |
_aDO-SdBNP _bspa _cBNPHU |
||
| 082 |
_a355.0213 _bS947p |
||
| 100 | 1 |
_aSugón, T. Arthur _950910 |
|
| 245 | 1 | 3 |
_aEl papel de los militares : _bel drama del hombre de uniforme en los países de América Latina / _cArthur T. Sugón. |
| 260 |
_a[Venezuela] : _bCentro de Estudios Latinoamericanos, _c[19?]. |
||
| 300 |
_a197 p. ; _c18.5 cm. |
||
| 650 | 4 |
_aMilitarismo _945782 |
|
| 650 | 0 |
_aImperialismo _91499 |
|
| 650 | 4 |
_aPolítica militar _950911 |
|
| 650 | 4 |
_aEjercitos _950912 |
|
| 710 | 1 |
_aCentro de Estudios Latinoamericanos _950913 |
|
| 049 | _aBNGR | ||
| 999 |
_c24301 _d24301 |
||